=LDR 00000nam 2200000 4500 =001 INLIS000000000036014 =005 20130612141825 =008 ***********************************Ind** =035 ##$$0010-061300000036014 =041 ##$$a Ind =082 ##$$a 650.1 =090 ##$$a 650.1, Jur b =100 ##$$a Namara Erick =245 ##$$a Jurus dahsyat bisnis katering, Erick =260 ##$$a 2007 $b Yogyakarta =300 ##$$a 100 hlm, 22 cm =650 ##$$a Bisnis Katering =850 ##$$a NBPNMAT =990 ##$$a 74827482 =990 ##$$a 01201807482